书目信息 |
| 题名: |
你知道世界语吗?
|
|
| 作者: | ;中华全国世界语协会 | |
| 分册: | ||
| 出版信息: | 北京 中国世界语出版社 1980.05 |
|
| 页数: | 96页 | |
| 开本: | 19cm | |
| 丛书名: | ||
| 单 册: | ||
| 中图分类: | H95 | |
| 科图分类: | ||
| 主题词: | 国际语 | |
| 电子资源: | ||
| ISBN: | ||
| 000 | 00561nam0 2200193 45 | |
| 001 | 0405091756 | |
| 005 | 20050422095626.2 | |
| 010 | @dCNY0.30 | |
| 100 | @a20040509d1980 km y0chiy0120 ea | |
| 101 | 0 | @achi |
| 105 | @ac z 000yy | |
| 200 | 1 | @a你知道世界语吗?@ANi Zhi Dao Shi Jie Yu Ma?@f中华全国世界语协会编@FZhong Hua Quan Guo Shi Jie Yu Xie Hui Bian |
| 210 | @a北京@c中国世界语出版社@d1980.05 | |
| 215 | @a96页@c照片@d19cm | |
| 606 | 0 | @a国际语 |
| 690 | @aH95@v3 | |
| 711 | 02 | @a中华全国世界语协会 |
| 801 | @aCN@bTSTCL@c20040509 | |
| 905 | @dH95@e2@f1@b68960 | |
| 你知道世界语吗?/中华全国世界语协会编.-北京:中国世界语出版社,1980.05 |
| 96页:照片;19cm |
| ISBN :CNY0.30 |
| ● |
| 相关链接 |
|
|
|
|
正题名:你知道世界语吗?
索取号:H95/2
 
预约/预借
| 序号 | 登录号 | 条形码 | 馆藏地/架位号 | 状态 | 备注 |
| 1 | 0068956 | 001168907 | 第四借阅区/ [索取号:H95/2] | 在馆 | |
| 2 | 0068957 | 001168916 | 第四借阅区/ [索取号:H95/2] | 在馆 | |
| 3 | 0068958 | 001168881 | 第四借阅区/ [索取号:H95/2] | 在馆 | |
| 4 | 0068959 | 001701073 | 第四借阅区/ [索取号:H95/2] | 在馆 | |
| 5 | 0068960 | 001168890 | 第四借阅区/ [索取号:H95/2] | 在馆 |